1289 1046 1879 1059 1511 1553 1728 1448 1775 1631 1293 1747 1879 1855 1990 1785 1990 1900 1872 1445 1962 1343 1646 1341 1400 1969 1755 1504 1941 1660 1836 1207 1275 1693 1066 1530 1135 1718 1664 1202 1031 1758 1887 1420 1621 1757 1524 1281 1071 1948 1111 1165 1350 1027 1943 1077 1401 1760 1096 1114 1260 1174 1836 1585 1429 1044 1009 1787 1094 1374 1044 1010 1286 1732 1951 1100 1718 1995 1730 1460 1111 1699 1716 1480 1299 1847 1305 1789 1627 1975 1367 1788 1350 1638 1361 1238 1604 1593 1422 BCNSPRNW ULIB Ver.6.0+V

เปลี่ยนเป็นภาษาไทย

Change to English
 แสดงรายละเอียดบรรณานุกรม
  กลับหน้าหลัก

Brief Record : Get Marc (ISO 2709) : E-mail record : QR code < ปิดหน้าต่าง
LEADER : 00000nam 2200000uu 4500
001    13399128904
003     ULIB
008    241028s2022||||th 000 0 tha d
020 ^- ^a9781975173678
060 ^- ^aWY18.2^bM478A
100 ^- ^aMcCauley, Paula
245 ^- ^aAdult-gerontology acute care nurse practitioner :a case-based approach/^cPaula McCauley, Angela Starkweather
260 ^- ^aPhiladelphia :^bWolters Kluwer,^c2022.
300 ^- ^a367p.col.ill.
650 ^- ^aCritical Care Nursing
650 ^- ^aNurse
650 ^- ^aEvidence-Based Nursing
650 ^- ^aGeriatric nursing.
700 ^- ^aMcCauley, Paula
945    ^p2337^l0^i011151
999    ^aประนอม เกษจรัล
รายการนี้ยังไม่มีแท็ก
คุณยังไม่ได้ล็อกอิน คุณสามารถมีกิจกรรมร่วมกับเว็บไซต์ได้ แต่ต้องล็อกอินก่อน ::
  ล็อกอิน

รายการสื่อสารสนเทศ

ลำดับที่ ประเภท เลขเรียก/บาร์โค้ด สถานที่ สถานะ
1. Book การพยาบาล
หนังสือสำรอง
สถานะ=หนังสือสำรอง
WY18.2 M478A ฉ.1 
  Barcode: 011151
ห้องสมุดวิทยาเขตสวรรค์ประชารักษ์
►หนังสือทั่วไป
บนชั้น

รายการใกล้เคียง
    หัวเรื่อง [Critical Care Nursing]
    หัวเรื่อง [Nurse]
    หัวเรื่อง [Evidence-Based Nursing]
    หัวเรื่อง [Geriatric nursing.]

BibComment


ยังไม่เคยถูกคอมเมนท์

คอมเมนท์ทรัพยากรรายการนี้
  คอมเมนท์: Adultgerontology..


 Copyright 2026. Bcnsprnw @Library